000 00412nam a2200169Ia 4500
008 230711s9999||||xx |||||||||||||| ||und||
020 _a81-7409-118-1
041 _aENG
082 _a510
_bSH-D
100 _aSharma,J.P
245 0 _aDiscrete Mathematics for scientist and engineers
250 _a1st Ed.
260 _c2001
_aDelhi
_bKhanna Publishers
300 _a414
650 _aMathematics
942 _cBK
999 _c5620
_d5620